000
00386nam a2200121Ia 4500
008
151001s9999||||xx |||||||||||||| ||und||
100
_a
वैशाली चिटणीस
245
_a
म्हणी आणि म्हणीच्या गोष्टी
250
_a
1
260
_b
जयदीप प्रकाशन पुणे
300
_a
38
365
_b
21
999
_c
983133
_d
983130